LEADER 00951nam a2200265 i 4500 001 991002027619707536 005 20020503160354.0 008 000505s1949 it ||| | ita 035 $ab1030650x-39ule_inst 035 $aEXGIL96344$9ExL 040 $aBiblioteca Interfacoltà$bita 082 0 $a822.7 100 1 $aByron, George Gordon$0153241 245 10$aCaino /$cLord Byron ; con introduzione e note di Giuseppe De Lorenzo ; traduzione di Fernando Milone 260 $aFirenze :$bSansoni,$c1949 300 $a200 p. ;$c16 cm 490 0 $aBiblioteca sansoniana straniera ;$v9 700 1 $aDe Lorenzo, Giuseppe 700 1 $aMilione, Ferdinando 907 $a.b1030650x$b17-02-17$c27-06-02 912 $a991002027619707536 945 $aLE002 In. I L 33$g1$i2002000917393$lle002$o-$pE0.00$q-$rl$s- $t0$u0$v0$w0$x0$y.i10361984$z27-06-02 996 $aCaino$992691 997 $aUNISALENTO 998 $ale002$b01-01-00$cm$da $e-$fita$git $h0$i1 LEADER 01868oam 2200517M 450 001 9910715453303321 005 20191116082329.7 035 $a(CKB)5470000002511511 035 $a(OCoLC)1065547268 035 $a(OCoLC)995470000002511511 035 $a(EXLCZ)995470000002511511 100 $a20070221d1828 ua 0 101 0 $aeng 135 $aurcn||||||||| 181 $ctxt$2rdacontent 182 $cc$2rdamedia 183 $acr$2rdacarrier 200 10$aBaltimore Chamber of Commerce. Memorial of the Chamber of Commerce of the City of Baltimore. January 22, 1828. Referred to the Committee on Manufactures 210 1$a[Washington, D.C.] :$c[publisher not identified],$d1828. 215 $a1 online resource (3 pages) 225 1 $aHouse document / 20th Congress, 1st session. House ;$vno. 82 225 1 $a[United States congressional serial set ] ;$v[serial no. 171] 300 $aBatch processed record: Metadata reviewed, not verified. Some fields updated by batch processes. 300 $aFDLP item number not assigned. 606 $aForeign trade promotion 606 $aForeign trade and employment 606 $aImports 606 $aProtectionism 606 $aTariff 606 $aWool fabrics 608 $aLegislative materials.$2lcgft 615 0$aForeign trade promotion. 615 0$aForeign trade and employment. 615 0$aImports. 615 0$aProtectionism. 615 0$aTariff. 615 0$aWool fabrics. 712 02$aChamber of Commerce of the City of Baltimore. 801 0$bWYU 801 1$bWYU 801 2$bOCLCQ 801 2$bOCLCO 906 $aBOOK 912 $a9910715453303321 996 $aBaltimore Chamber of Commerce. Memorial of the Chamber of Commerce of the City of Baltimore. January 22, 1828. Referred to the Committee on Manufactures$93275033 997 $aUNINA